Risk and return : constructing a property portfolio (Record no. 24533)

MARC details
000 -LEADER
fixed length control field 01065cab a2200193 4500
001 - CONTROL NUMBER
control field ABS42662
008 - FIXED-LENGTH DATA ELEMENTS--GENERAL INFORMATION
fixed length control field 090401t1990 xxu||||| |||| 00| 0 eng d
035 ## - SYSTEM CONTROL NUMBER
System control number (Sirsi) u38182
041 ## - LANGUAGE CODE
Language code of text/sound track or separate title eng
100 ## - MAIN ENTRY--PERSONAL NAME
Personal name MacGregor, B.D.
245 ## - TITLE STATEMENT
Title Risk and return : constructing a property portfolio
260 ## - PUBLICATION, DISTRIBUTION, ETC.
Date of publication, distribution, etc. 1990
350 ## - PRICE (NR) (BK AM CF MU VM SE) [OBSOLETE]
Price 0
490 ## - SERIES STATEMENT
Series statement Journal of Valuation
Volume/sequential designation 8(3) Spring 1990, 233-242(10)
520 ## - SUMMARY, ETC.
Summary, etc. Considers a systematic, research-driven and strategy-led approach to property portfolio management pioneered by Prudential Portfolio Managers . It is based on the `house` approach to the management of all investment portfolios and has been adapted as necessary to deal with the particularities of property as an investment. Outlines the principles of the PPM approach, discusses the role of property in a multi-asset portfolio and sets out the framework for the construction of a property portfolio. References. Journal abstract
690 ## - LOCAL SUBJECT ADDED ENTRY--TOPICAL TERM (OCLC, RLIN)
Topical term or geographic name as entry element PROPERTY-COMMERCIAL PROPERTY-COMMERCIAL PROPERTY FINANCE AND INVESTMENT
942 ## - ADDED ENTRY ELEMENTS (KOHA)
Suppress in OPAC 0
948 ## - LOCAL PROCESSING INFORMATION (OCLC); SERIES PART DESIGNATOR (RLIN)
c (OCLC) 04/03/1997
Holdings
Withdrawn status Lost status Source of classification or shelving scheme Damaged status Not for loan Home library Current library Shelving location Date acquired Total Checkouts Full call number Barcode Date last seen Copy number Price effective from Koha item type
    Dewey Decimal Classification     London London Journal article 14/09/1999   ABS42662 38182-1001 06/08/2019 1 06/08/2019 Journal article